| 000 | 01466nam a2200361Ia 4500 | ||
|---|---|---|---|
| 001 | ebr10214442 | ||
| 003 | CaPaEBR | ||
| 006 | m u | ||
| 007 | cr cn||||||||| | ||
| 008 | 070412s2007 bcca sbs 001 0deng d | ||
| 020 | _z9780774813419 | ||
| 020 | _z0774813415 | ||
| 040 |
_aCaPaEBR _cCaPaEBR |
||
| 035 | _a(OCoLC)243586980 | ||
| 050 | 1 | 4 |
_aJF1525.L4 _bS74 2007eb |
| 082 | 0 | 4 |
_a303.3/4 _222 |
| 100 | 1 |
_aStewart, Ian, _d1953 July 2- |
|
| 245 | 1 | 0 |
_aConventional choices _h[electronic resource] : _bMaritime leadership politics / _cIan Stewart and David K. Stewart. |
| 260 |
_aVancouver : _bUBC Press, _cc2007. |
||
| 300 |
_axii, 305 p. : _bill. |
||
| 504 | _aIncludes bibligraphical references and index. | ||
| 533 |
_aElectronic reproduction. _bPalo Alto, Calif. : _cebrary, _d2011. _nAvailable via World Wide Web. _nAccess may be limited to ebrary affiliated libraries. |
||
| 650 | 0 | _aLeadership. | |
| 650 | 0 |
_aPolitical leadership _zMaritime Provinces. |
|
| 650 | 0 |
_aPolitical parties _zMaritime Provinces. |
|
| 650 | 0 |
_aElections _zMaritime Provinces _vStatistics. |
|
| 650 | 0 |
_aPoliticians _zMaritime Provinces _vBiography. |
|
| 650 | 0 |
_aPolitical conventions _zMaritime Provinces _xHistory. |
|
| 655 | 7 |
_aElectronic books. _2local |
|
| 700 | 1 |
_aStewart, David Kenney, _d1962- |
|
| 710 | 2 | _aebrary, Inc. | |
| 856 | 4 | 0 |
_uhttp://site.ebrary.com/lib/rucke/Doc?id=10214442 _zAn electronic book accessible through the World Wide Web; click to view |
| 999 |
_c128107 _d128107 |
||